| 000 | 00941cam a22002895a 4500 | ||
|---|---|---|---|
| 001 | 016828299 | ||
| 003 | OSt | ||
| 005 | 20201128021342.0 | ||
| 008 | 140818t2015 enka frb 000 0 eng d | ||
| 020 | _a9781292070872 (paperback) | ||
| 020 | _a1292070870 (paperback) | ||
| 040 |
_aUk _beng _cUk _dEG-ScBUE |
||
| 082 | 0 | 4 |
_222 _bART _a327.1 |
| 100 | 1 |
_aArt, Robert J. _938531 |
|
| 245 | 1 | 0 |
_aInternational politics : _benduring concepts and contemporary issues / _cRobert J. Art, Ropert Jervis. |
| 250 | _a12th ed., Global ed. | ||
| 260 |
_aHarlow : _bPearson Education Limited, _cc.2015. |
||
| 300 |
_a511 p. : _bill. ; _c24 cm. |
||
| 504 | _aIncludes bibliographical references. | ||
| 650 | 7 |
_aWorld politics _2BUEsh |
|
| 650 | 7 |
_92820 _aGlobalization. _2BUEsh |
|
| 650 | 7 |
_91135 _aInternational relations _2BUEsh |
|
| 651 | _2BUEsh | ||
| 653 |
_bBUSBOL _cJune2015 _cOctober2015 _cJanuary2018 |
||
| 700 | 1 | _aJervis, Ropert | |
| 942 | _2ddc | ||
| 999 |
_c19935 _d19907 |
||